000 00534nam a2200217Ia 4500
003 GCL
008 140319s9999 xx 000 0 eng d
040 _aGCL /
_cGCL
082 0 4 _a738.562
_bC I
100 1 _aCEDEJ
245 1 0 _aIMAGES D'EGYPTE DE LA FRESQUE A'LA BANDE DESSINEE /
_cCEDEJ
260 _a[S.N] :
_bCEDEJ ،
_c1991
300 _a312 P
650 0 4 _aDESCRIPTION OF EGYPT
650 0 4 _aEGYPT
650 0 4 _aVOYAGES
650 0 4 _aPRESS
650 0 4 _aORIENTALISTS
650 0 4 _aEGYPTIAN SOCIETY
942 _2ddc
_cBK
999 _c20514
_d20514